|
|
|
|
| LEADER |
01901nam a22003377a 4500 |
| 001 |
34916 |
| 003 |
BD-DhAAL |
| 005 |
20230201123843.0 |
| 008 |
190724t2017 bg a 000 0 ben d |
| 020 |
|
|
|a 9841802996202
|
| 020 |
|
|
|a 9844101565
|
| 020 |
|
|
|a 9841802996
|
| 040 |
|
|
|a DB-DhAAL
|c DB-DhAAL
|
| 041 |
|
|
|a ben
|
| 082 |
0 |
4 |
|a 891.441
|2 22
|
| 245 |
|
|
|a কালিদাসের মেঘদূত /
|c ভূমিকা, অনুবাদ ও টীকা, বুদ্ধদেব বসু
|
| 246 |
|
|
|a Kalidaser meghdut
|
| 250 |
|
|
|a দ্বিতীয় সংস্করণ
|
| 260 |
|
|
|a ঢাকা :
|b বিশ্বসাহিত্য কেন্দ্র,
|c ১৯৯৯, ২০১৭;
|c ২০১৩ [তৃতীয় মুদ্রণ ২০২১]
|
| 300 |
|
|
|a ২১২ পৃষ্ঠা,
|a ১৮৪ পৃষ্ঠা,
|a ২১১ পৃষ্ঠা :
|b চিত্র ;
|c ২২ সে.মি.
|
| 526 |
|
|
|a Residential Campus
GenEd (Residential Campus)
|
| 541 |
|
|
|a Development Book Agency, Donated By Akbar Ali Khan (38485)
|e 34916, 38485, 40804
|
| 650 |
|
0 |
|a Bengali poetry.
|9 33105
|
| 650 |
|
0 |
|a Bengali language.
|x Rhyme.
|9 33106
|
| 700 |
|
|
|a বসু, বুদ্ধদেব
|9 33107
|
| 852 |
4 |
|
|a Savar Campus Library
|c General Stacks
|
| 942 |
|
|
|2 ddc
|c BK
|
| 999 |
|
|
|c 40987
|d 40987
|
| 952 |
|
|
|0 0
|1 0
|2 ddc
|4 0
|6 891_441000000000000_KAL
|7 0
|9 65762
|a SCL
|b SCL
|c GEN
|d 2019-07-17
|e Development Book Agency
|g 233.00
|l 0
|o 891.441 KAL
|p 3020034916
|r 2019-07-17
|t 1
|v 233.00
|w 2019-07-17
|y BK
|
| 952 |
|
|
|0 0
|1 0
|2 ddc
|4 0
|6 891_441000000000000_KAL
|7 1
|9 70659
|a BRACUL
|b BRACUL
|c CS1
|d 2022-05-19
|e Donated by Akbar Ali Khan
|l 0
|o 891.441 KAL
|p 3010038485
|r 2022-05-19
|t 2
|w 2022-05-19
|y BK
|
| 952 |
|
|
|0 0
|1 0
|2 ddc
|4 0
|6 891_441000000000000_KAL
|7 0
|9 72968
|a SCL
|b SCL
|c GEN
|d 2023-01-15
|e Development Book Agency
|g 233.00
|l 2
|m 1
|o 891.441 KAL
|p 3020040804
|r 2026-02-23
|s 2026-02-18
|t 3
|v 233.00
|w 2023-01-15
|y BK
|